Les disciplines des Jeux des petits états d'Europe depuis 1984 - Statistiques

Statistiques générales
  • Ce quiz a été pris 7 fois
  • Le résultat moyen est 9 sur 18
Statistiques - réponses
Domaine Initiale Sports % Correct
Sports de raquette T Tennis
100%
Sports d'équipe B Basket
86%
Sports de combat J Judo
86%
Sports d'eau N Natation
86%
Sports d'équipe V Volleyball
86%
Sports de raquette S Squash
71%
Sports de combat T Taekwondo
71%
Autres sports T Tir
57%
Sports d'eau V Voile
57%
Sports de raquette T Tennis de table
43%
Autres sports A Athlétisme
29%
Autres sports G Gymnastique
29%
Sports d'équipe B Beach volley
14%
Autres sports B Boccia
14%
Autres sports B Boules lyonnaises
14%
Autres sports C Cyclisme
14%
Autres sports G Golf
14%
Autres sports V VTT
14%
Aucun quiz correspondant
Distribution des résultats
% des personnes avec chaque résultat
Percentile par nombre de réponses
Votre historique - résultats
Vous n’avez pas pris ce quiz